Espagne vs Portugal - Statistiques

Statistiques générales
  • Ce quiz a été pris 457 fois
    139 depuis la dernière actualisation
  • Le résultat moyen est 6 sur 7
Statistiques - réponses
Question Réponse % Correct
Commence par la lettre "p". Portugal
100%
C'est le plus grand entre les deux. Espagne
99%
C'est un pays d'Europe. Les deux
98%
Il a participé à la coupe du monde. Les deux
97%
Il a gagner la coupe de l'euro en 2016. Portugal
93%
Contient un footballer qui gagner plus de 3 ballons d'Or. Portugal
80%
A eu un territoire en Amérique. Les deux
73%
Aucun quiz correspondant
Distribution des résultats
% des personnes avec chaque résultat
Percentile par nombre de réponses
Votre historique - résultats
Vous n’avez pas pris ce quiz depuis la dernière actualisation